Sentino - Zabójstwo Liryczne 1 - Statystyki

Ogólne statystyki
  • Ten quiz został rozwiązany 20 razy
  • Średni wynik to 12 z 20
Statystyki odpowiedzi
Zabójstwo Liryczne 1 % Poprawnych
Mickey Rourke
90%
Wiecznie
90%
Amfetamina
80%
Liczę Ten Hajs
80%
Zabójstwo Liryczne
80%
Kraina Czarów
70%
Pierdolony Biznes
70%
Squad
70%
Czas Zemsty
60%
Nie Płacz Za Mną
60%
Pido a dios
60%
Scarface
60%
Ten Świat
60%
Karl Lagerfeld
50%
Knife 2 a Gun Fight
50%
Tempo
50%
Mam Talent
40%
Nic Nie Mów
40%
Nie Mam Czasu
40%
Taki Lajf
40%
Nie znaleziono quizów pasujących do podanych kryteriów
Rozkład punktacji
Procent ludzi z każdym wynikiem
Percentyl według liczby udzielonych odpowiedzi
Twoja historia wyników
Nie rozwiązałeś tego quizu